Riconosci il Pokémon - Quiz n°949 - Statistics

Statistiche generali
  • Questo quiz è stato fatto 4 volte
  • Il punteggio medio è 9 su 10
Statistiche sulle risposte
Indizio Risposta % Corretto
Altezza 0,2 m
100%
Peso 8,0 kg
100%
Tipo Acciaio
100%
Stadio evoluzione Forma Base
100%
Tasso di allevamento Lento
100%
Abilità Magnetismo
100%
Generazione Settima
100%
Tasso di cattura 3 (1.6%)
67%
Pokémon Meltan
67%
Sesso Sconosciuto
67%
Nessun quiz corrispondente trovato
Distribuzione punteggi
Percentuale di utenti per punteggio
Percentile per numero di risposta
I tuoi punteggi nel tempo
Non hai fatto questo quiz